| 000 | 00683nmc a2200277 a 4500 | ||
|---|---|---|---|
| 003 | AR-BaBNM | ||
| 005 | 20251128202713.0 | ||
| 008 | 085020s2001 ||||||||||||||000 | spa|| | ||
| 020 | _a84-667-0294-6 | ||
| 040 | _cAR-BaBNM | ||
| 100 | 1 | _aKeselman, Gabriela | |
| 245 | 1 | 0 | _aCinco enfados |
| 250 | _a1ª ed. | ||
| 260 |
_aMadrid _bAnaya _c2001 |
||
| 300 | 0 |
_a62 p. _bil. |
|
| 490 | 0 |
_aSopa de libros _vv. 60 |
|
| 650 | 4 | _aLIBROS PARA NIÑOS | |
| 650 | 4 | _aCUENTOS | |
| 650 | 4 | _aRELACIONES FAMILIARES | |
| 650 | 4 | _aFANTASIAS | |
| 650 | 4 | _aLITERATURA CONTEMPORANEA | |
| 655 | _aLITERATURA | ||
| 700 | 1 |
_aElizalde, Marcelo _eilustrador |
|
| 942 | _cBK | ||
| 998 | _cme-solo cat | ||
| 999 |
_c189 _d189 |
||